00729cam a2200217Ka 4500008004100000020002200041100001800063245008400081250001900165260005600184300002400240500001800264530006400282651005300346650003700399650002000436650002800456003000100484005001700485040000900502  a095212694X (pbk.)1 aZell, Hans M.14aThe electronic African bookworm :ba web navigator /ccompiled by Hans M. Zell. aPrint version. aOxford, England :bAfrican Books Collective,c1998. ax, 134 p. ;c21 cm. aSpiral bound. aElectronic version available online via the World Wide Web. 0aAfricaxComputer network resourcesvDirectories. 0aInternet addressesvDirectories. 0aWorld Wide Web. 0aWeb sitesvDirectories.20230123134150.0 cNUST